00280nam a2200109Ia 4500008004100000041000800041082001200049100001500061245003400076260004100110300001900151241028s9999 xx 000 0 und d aeng a332 MOR aLeo Morris aFinance And Financial Markets bMurphy & Moore PublishingaUSAc2022 a235;. P. 28 cm